10 Największych miast we Francji - Statystyki

Ogólne statystyki
  • Ten quiz został rozwiązany 50 razy
  • Średni wynik to 7 z 10
Statystyki odpowiedzi
Miasto % Poprawnych
Paryż
100%
Lyon
92%
Marsylia
92%
Bordeaux
75%
Nicea
72%
Lille
69%
Nantes
61%
Tuluza
56%
Strasburg
53%
Montpellier
44%
Nie znaleziono quizów pasujących do podanych kryteriów
Rozkład punktacji
Procent ludzi z każdym wynikiem
Percentyl według liczby udzielonych odpowiedzi
Twoja historia wyników
Nie rozwiązałeś tego quizu